Proceso de formación a periodistas : (Registro nro. 239)
[ vista simple ]
| 000 -CABECERA | |
|---|---|
| Campo de control | 01223cam a2200241 a 4500 |
| 005 - FECHA Y HORA DE LA ULTIMA TRANSACCION | |
| Campo de control | 20160420163932.0 |
| 008 - ELEMENTOS DE LONGITUD FIJA—INFORMACION GENERAL | |
| Campo de control | 971016s1996 ck r 10010 spa d |
| 040 ## - FUENTE DE CATALOGACIÓN | |
| Agencia catalogadora original | la |
| Agencia transcriptora | la |
| Agencia Modificadora | CO-BoIAVH |
| 041 0# - IDIOMA | |
| Código de idioma para texto/pista de sonido o título separado | Español |
| 044 ## - PAÍS DE PUBLICACIÓN | |
| País de publicación | Colombia |
| 082 04 - NUMERO DE CLASIFICACION DECIMAL DEWEY | |
| Número de clasificación | 333.72 |
| Número del ítem | E52p |
| 111 2# - ASIENTO PRINCIPAL--NOMBRE DE REUNION | |
| Nombre de reunión o de jurisdicción como elemento de entrada | Encuentro de Periodistas para la Conservación de la Biodiversidad ( |
| Fecha de la reunión | : 1995 : |
| Lugar de la reunión | Buga) |
| 9 (RLIN) | 66218 |
| 245 10 - MENCION DE TITULO | |
| Título | Proceso de formación a periodistas : |
| Parte restante del título | Memorias del II encuentro de periodistas para la conservacón de la biodiversidad / |
| Mención de responsabilidad | editado por María Margarita Gaitán Uribe, Nubia Patricia Castro R. y Liliana Flórez Bernal. ; dirección técnica Juan Manuel Navarrete R. |
| 260 ## - PUBLICACION, DISTRIBUCION, ETC. (PIE DE IMPRENTA) | |
| Lugar de publicación, distribución, etc. | Santa Fe de Bogotá : |
| Nombre del editor, distribuidor, etc. | Proyecto Biopacífico, Ministerio del Medio Ambiente, |
| Fecha de publicación, distribución, etc. | 1996. |
| 300 ## - DESCRIPCION FISICA | |
| Extensión | 149, 15 páginas ; |
| Dimensiones | 27 x 21 centímetros |
| 504 ## - NOTA DE BIBLIOGRAFIA, ETC. | |
| Nota de bibliografía | Incluye referencias bibliográficas. |
| 650 16 - ASIENTO SECUNDARIO DE MATERIA - TERMINO TEMATICO | |
| Término temático o nombre geográfico como elemento de entrada | Protección ambiental |
| Subdivisión geográfica | Colombia |
| Subdivisión de forma | Congresos, conferencias, etc.. |
| 9 (RLIN) | 66219 |
| 650 26 - ASIENTO SECUNDARIO DE MATERIA - TERMINO TEMATICO | |
| Término temático o nombre geográfico como elemento de entrada | Biodiversidad |
| Subdivisión geográfica | Colombia |
| Subdivisión de forma | Congresos, conferencias, etc.. |
| 9 (RLIN) | 66220 |
| 700 1# - ASIENTO SECUNDARIO - NOMBRE PERSONAL | |
| Nombre personal | Gaitán Uribe, María Margarita, |
| Término de relación | editora |
| 9 (RLIN) | 66221 |
| 700 1# - ASIENTO SECUNDARIO - NOMBRE PERSONAL | |
| Nombre personal | Castro R., Nubia Patricia, |
| Término de relación | editora |
| 9 (RLIN) | 7040 |
| 700 1# - ASIENTO SECUNDARIO - NOMBRE PERSONAL | |
| Nombre personal | Flórez Bernal, Liliana, |
| Término de relación | editora |
| 9 (RLIN) | 7041 |
| 942 ## - ELEMENTOS ADICIONALES (KOHA) | |
| Sistema de clasificación | Dewey Decimal Classification |
| Tipo de ítem | Libro |
| Withdrawn status | Lost status | Sistema de Clasificación | Damaged status | No para préstamo | Colección | Inventariado | Ubicación Permanente | Ubicación actual | Fecha de adquisición | Fuente de Valor | Valor | Total Checkouts | Número topográfico | Inventario / Código de Barras | Date last seen | Ejemplar | Price effective from | Forma de adquisición | Tipo de material |
|---|---|---|---|---|---|---|---|---|---|---|---|---|---|---|---|---|---|---|---|
| Dewey Decimal Classification | General | Inventariado 2017 | Bogotá | Bogotá | 26/12/1997 | Instituto | 39000.00 | LB-333.72 E52p | 000306 | 04/12/2012 | Ej. 1 | 04/12/2012 | Libro | ||||||
| Dewey Decimal Classification | General | Inventariado 2017 | Sala Fabio Quevedo | Sala Fabio Quevedo | 26/12/1997 | Instituto | 39000.00 | LB-333.72 E52p | 000307 | 04/12/2012 | Ej. 2 | 04/12/2012 | Libro |